MANAGEMENT IN INDIAN INDUSTRIES (Record no. 27473)

000 -LEADER
fixed length control field 00296nam a2200121Ia 4500
008 - FIXED-LENGTH DATA ELEMENTS--GENERAL INFORMATION
fixed length control field 200615s9999||||xx |||||||||||||| ||und||
082 ## - DEWEY DECIMAL CLASSIFICATION NUMBER
Classification number 650
Item number MAN-R
100 ## - MAIN ENTRY--PERSONAL NAME
Personal name RANGNEKAR,SANTOSH
245 #0 - TITLE STATEMENT
Title MANAGEMENT IN INDIAN INDUSTRIES
250 ## - EDITION STATEMENT
Edition statement 1ST
260 ## - PUBLICATION, DISTRIBUTION, ETC.
Place of publication, distribution, etc. New Delhi
Name of publisher, distributor, etc. WISDOM
Date of publication, distribution, etc. 2018
942 ## - ADDED ENTRY ELEMENTS (KOHA)
Koha item type Book
Holdings
Withdrawn status Lost status Damaged status Not for loan Collection code Permanent Location Current Location Shelving location Date acquired Total Checkouts Full call number Barcode Date last seen Date last checked out Price effective from Koha item type
        School of Management Maharishi School of Business & Management (Lucknow) Maharishi School of Business & Management (Lucknow) R43S2 2020-06-15 2 658 SOM02174 2024-12-26 2024-12-24 2020-06-15 Book

All Rights Reserved@MUIT

Powered by Koha